La Serena en el s.XVIII: las dimensiones del poder local en una sociedad regional
Saved in:
| Main Author: | |
|---|---|
| Format: | Book |
| Language: | Spanish |
| Published: |
Valparaíso, Chile
Universitarias de Valparaíso
1993
|
| Series: | Colección Universidad
|
| Subjects: | |
| Tags: |
Add Tag
No Tags, Be the first to tag this record!
|
MARC
| LEADER | 00000nam a2200000 a 4500 | ||
|---|---|---|---|
| 001 | UCY2100 | ||
| 003 | CL-VaPUC | ||
| 005 | 20240125113204.0 | ||
| 008 | 941010e19930000CL |||||||||||||||||spa|d | ||
| 999 | |c 230607 |d 230605 | ||
| 040 | |c Pontificia Universidad Católica de Valparaíso | ||
| 082 | 0 | 4 | |a 983.23 CAV 1993 |2 21 |
| 100 | |a Cavieres Figueroa, Eduardo Lincoyán |e autor |9 884614 | ||
| 245 | 1 | 0 | |a La Serena en el s.XVIII: |b las dimensiones del poder local en una sociedad regional |
| 260 | |a Valparaíso, Chile |b Universitarias de Valparaíso |c 1993 | ||
| 300 | |a 215 páginas | ||
| 490 | 0 | |a Colección Universidad | |
| 583 | |a last modification |c 20120606 04:18:55 |k Rodrigo Vera | ||
| 650 | 0 | |a Historia local |z LA SERENA |9 266584 | |
| 650 | 0 | |a Historia de Chile |z LA SERENA |9 265473 | |
| 650 | 0 | |a Antropología cultural y social |z LA SERENA |9 265143 | |
| 650 | 0 | |a Desarrollo económico |z LA SERENA |9 259599 | |
| 650 | 0 | |a Académicos |x Pontificia Universidad Católica de Valparaíso (PUCV) |9 255553 | |
| 650 | 0 | |a Archivo histórico PUCV |9 255554 | |
| 852 | |a BIBCUR | ||
| 942 | |c BK |2 ddc | ||
| 945 | |d 19941010 00:00:00 |a mfernand | ||
| 952 | |0 0 |1 0 |2 ddc |4 0 |6 983_230000000000000_CAV_1993 |7 0 |8 A |9 232995 |a BIBHIS |b BIBHIS |d 2019-11-15 |i 3024555 |o 983.23 CAV 1993 |p 3024555 |r 2025-01-20 |t 1 |w 2019-11-15 |y BK |k HIS | ||
| 952 | |0 0 |1 0 |2 ddc |4 0 |6 983_230000000000000_CAV_1993 |7 0 |8 A |9 232996 |a BIBHIS |b BIBHIS |d 2019-11-15 |i 3119238 |o 983.23 CAV 1993 |p 3119238 |r 2025-01-20 |t 2 |w 2019-11-15 |y BK |k HIS | ||
| 952 | |0 0 |1 0 |2 ddc |4 0 |6 983_230000000000000_CAV_1993 |7 0 |8 A |9 232997 |a BIBHIS |b BIBHIS |d 2019-11-15 |i 125751K |o 983.23 CAV 1993 |p 125751K |r 2025-01-20 |t 3 |w 2019-11-15 |y BK |k HIS | ||
| 952 | |0 0 |1 0 |2 ddc |4 0 |6 983_230000000000000_CAV_1993 |7 0 |8 X |9 232998 |a FDOBUD |b FDOBUD |d 2019-11-15 |i 1082868 |o 983.23 CAV 1993 |p 1082868 |r 2019-11-15 |t 4 |w 2019-11-15 |y BK_X |k FHP | ||